| 000 | 01376nam a2200253Ia 4500 | ||
|---|---|---|---|
| 999 |
_c52982 _d52982 |
||
| 001 | 20013 | ||
| 003 | GE_BSU | ||
| 005 | 20200529222945.0 | ||
| 008 | 181216s2005||||ge |||||||||||||| ||geo|| | ||
| 020 | _a99940-25-97-X | ||
| 040 | _cGE_BSU | ||
| 041 | _ageo | ||
| 080 | _a821.353.1(072)+372.882.135 | ||
| 100 |
_aზოიძე, აკაკი. _92060 |
||
| 245 |
_aთხზულების სწავლების მეთოდიკა : _b(I-VI კლასები) / _cაკაკი ზოიძე. |
||
| 264 |
_aბათუმი : _bბათუმის შოთა რუსთაველის სახელმწიფო უნივერსტიტეტის გამომცემლობა, _c2005. |
||
| 300 |
_a319 გვ. ; _c21 სმ. |
||
| 500 | _aნაშრომში განხილულია მხატვრულ-შემოქმედებითი აქტივობის განვითარების საკითხები თხზულებაზე მუშაობის პროცესში | ||
| 541 | _h3ლ.53თ. | ||
| 653 | _aდაწყებით კლასებში | ||
| 653 | _aთხზულების სწავლების მეთოდიკა | ||
| 653 | _aქართული ლიტერატურა | ||
| 942 |
_cBK _2udc |
||